| 000 | 01225cam a2200337 a 4500 | ||
|---|---|---|---|
| 999 |
_c330377 _d330377 |
||
| 001 | 17191346 | ||
| 003 | NUST | ||
| 005 | 20170623103022.0 | ||
| 008 | 120302s2012 pk ab 000 0 eng | ||
| 010 | _a 2011329703 | ||
| 020 | _a9789690023704 | ||
| 025 | _aP-E-2011329703; 24 | ||
| 037 |
_bLibrary of Congress -- Islamabad Overseas Office _cRs 3000.00 |
||
| 040 |
_aDLC _cDLC |
||
| 042 |
_alcode _apcc |
||
| 043 | _aa-pk--- | ||
| 050 | 0 | 0 |
_aHV610 2010. P18 _bD64 2012 |
| 082 |
_a363.3493 _bNAS 2010 |
||
| 100 | 1 |
_aNasrullah Tahir Dogar _93128 |
|
| 245 | 1 | 0 |
_aLabbaik to the call of calamity floods 2010 = _blabbayk / _cNasrullah Tahir Dogar. |
| 246 | 3 | 1 | _aLabbayk |
| 260 |
_aKarachi : _bFerozsons, _c2012. |
||
| 300 |
_a140 p. : _bcol. ill., maps ; _c29 cm. |
||
| 650 | 0 |
_aFloods _zPakistan. _93129 |
|
| 650 | 0 |
_aFloods _zPakistan _vPictorial works. _93130 |
|
| 650 | 0 |
_aDisaster relief _zPakistan. _93131 |
|
| 650 | 0 |
_aDisaster relief _zPakistan _vPictorial works. _93132 |
|
| 650 | 0 |
_aHumanitarian assistance _zPakistan. _93133 |
|
| 650 | 0 |
_aHumanitarian assistance _zPakistan _vPictorial works. _93134 |
|
| 906 |
_a7 _bcbc _corigode _d3 _encip _f20 _gy-gencatlg |
||
| 942 |
_2ddc _cBK |
||